000 00405nam a2200157Ia 4500
999 _c10876
_d10876
008 191201s2007 xx 000 0 und d
020 _a9789389109351
082 _a954.01 RIW
100 _aRIZVI, S.A.A.
245 0 _aThe Wonder That Was India: Volume 2
250 _a1st
260 _aNew Delhi
_bPicador India
_c2005
300 _a416
650 _aBachelor of Mass Communication
942 _2ddc
_cBK